000 02552nam a22003377a 4500
005 20090825120337.0
008 090728t xxu||||| |||| 00| 0 pun d
010 _aPUN-6499 B-425775-779
020 _c150.00
_a9789350170854
035 _aPN-5617 B-425775-779
037 _bDBAD / PUB
037 _bk.k.publications (vendor)
040 _adpl
_bpn
082 _a921
100 _924414
_aਸਿੱਧੂ, ਕੁਲਬੀਰ ਸਿੰਘ
245 _aਮਹਾਨ ਗੁਰੂ ਦਾ ਮਹਾਨ ਬੰਦਾ ਬਾਬਾ ਬੰਦਾ ਸਿੰਘ ਬਹਾਦਰ /
_c ਕੁਲਬੀਰ ਸਿੰਘ ਸਿੱਧੂ
246 _aMahan guru da mahan banda Baba Banda Singh Bahadur
_bby Kulbir Singh Sidhu
260 _aਚੰਡੀਗਡ਼
_bਲੋਕਗੀਤ ਪ੍ਰਕਾਸ਼ਨ
_c2010
270 _as.c.o-26-27, Sector-34-A,
_bਚੰਡੀਗਡ਼
_e160022
_k01624-682954, 09781534406
300 4 _a116 ਸਫੇ
_c22 ਸੇਮੀ (ਸਜਿਲੱਦ)
650 _924412
_aਜੀਵਨ
650 _aAuto biography
_924431
942 _2ddc
_cPN
_h921
_mਬੰਦਾਸਿੰ
999 _c48816
_d48816